Größte deutsche Städte nach Buchstabe - H - Statistiken

Allgemein
  • Dieses Quiz wurde 14.964 mal gespielt
  • Das Durchschnittsergebnis liegt bei 8 aus 18
Antwortstatistiken
Land Einwohner Stadt % Korrekt
- 1.847.253 Hamburg
99%
Niedersachsen 536.925 Hannover
95%
Sachsen-Anhalt 238.762 Halle (Saale)
74%
Baden-Württemberg 161.485 Heidelberg
67%
NRW 179.916 Hamm
59%
Niedersachsen 101.693 Hildesheim
55%
Hessen 96.492 Hanau
53%
NRW 156.449 Herne
51%
NRW 188.686 Hagen
50%
Baden-Württemberg 126.592 Heilbronn
50%
Baden-Württemberg 49.573 Heidenheim a. d. Brenz
38%
Niedersachsen 57.434 Hameln
33%
NRW 66.638 Herford
23%
NRW 55.625 Hilden
17%
NRW 59.731 Hürth
16%
NRW 54.438 Hattingen
15%
NRW 61.821 Herten
12%
NRW 47.290 Hennef (Sieg)
7%
Keine übereinstimmenden Quizze gefunden
Verteilung der Resultate
Anzahl Personen mit jedem Resultat
Perzentil nach korrekt beantworteten Fragen
Ihre Resultats-Entwicklung
Sie haben dieses Quiz noch nicht gespielt